Loading...
| LEADER | 00595nam a22001811a 4500 | ||
|---|---|---|---|
| 020 | |a 9780714843001 |c 0.00 | ||
| 040 | |a SSUS - Library - Kalady | ||
| 082 | |a 746.920 92 |b PIN/L | ||
| 100 | |a Pinto Roberto | ||
| 245 | |a Lucy Orta |h [Text] | ||
| 260 | |a London |b Phaidon |c 2000 | ||
| 300 | |a 158p. | ||
| 600 | |a Painting | ||
| 700 | |a Bourriaud Nicolas | ||
| 852 | |k Reference |h 746.920 92 |i PIN/L |p 055307 |9 2048.39 |t 0 | ||
| 942 | |c REF | ||
| 999 | |c 26209 |d 26209 | ||
| 952 | |0 0 |1 0 |4 0 |6 R_746_920000000000000_92_PIN_L |7 0 |9 37640 |a SSUS |b SSUS |d 2015-01-08 |g 2048.39 |o R 746.920 92 PIN/L |p 055307 |r 2015-01-08 |v 0.00 |w 2015-01-08 |y REF | ||